000 00463nab a2200145Ia 4500
003 ES-SlBCS
005 20220906011052.0
008 140529s1986 xxu||||| |||| 00| 0 eng d
041 _aeng
100 1 _aGuignon, Charles B.
_9156118
245 0 0 _aOn Saving Heidegger from Rorty
_c Charles B. Guignon
600 1 0 _aHeidegger, Martín
_d(1889-1976)
_917559
773 0 _tPhilosophy and Phenomenological Research
_gvol. 47, 1986, págs. 401-418
_wRev1411
942 _cAR
999 _c527487
_d527487